000
00299nam a22001217a 4500
040
_c
SK
082
_a
307
100
_a
សំ ម៉ាយ៉ានី
245
_a
Agriculture comparee; កសិកម្មប្រៀបធៀប
260
_a
RUA
_b
សំ
_c
1995
300
_a
118p.
942
_c
KB
999
_c
9461
_d
9461